书目信息 |
| 题名: |
英语扩充词汇阶梯阅读精通1000词汇
|
|
| 作者: | 刘文英 , 肖平 编著 | |
| 分册: | ||
| 出版信息: | 西安 西安交通大学出版社 2000.11 |
|
| 页数: | 74页 | |
| 开本: | 20cm | |
| 丛书名: | ||
| 单 册: | ||
| 中图分类: | H319.4 | |
| 科图分类: | ||
| 主题词: | 英语 | |
| 电子资源: | ||
| ISBN: | 7-5605-1250-X | |
| 000 | 00648nam0 2200205 45 | |
| 001 | 0456919491 | |
| 005 | 2004042715483912 | |
| 010 | @a7-5605-1250-X@dCNY 4.50 | |
| 100 | @a20040427d2000 km y0chiy0120 ea | |
| 101 | 0 | @achi |
| 102 | @aCN@b610000 | |
| 200 | 1 | @a英语扩充词汇阶梯阅读精通1000词汇@AYing Yu Kuo Chong Ci Hui Jie Ti Yue Du Jing Tong 1000 Ci Hui@f刘文英,肖平编著@FLiu Wen Ying,Xiao Ping Bian Zhu |
| 210 | @a西安@c西安交通大学出版社@d2000.11 | |
| 215 | @a74页@d20cm | |
| 606 | 0 | @a英语 |
| 690 | @aH319.4@v3 | |
| 701 | 0 | @a刘文英@ALiu Wen Ying@4编著 |
| 701 | 0 | @a肖平@AXiao Ping@4编著 |
| 801 | 0 | @aCN@bPFT@c20040427 |
| 905 | @dH319.4@eL6881 | |
| 英语扩充词汇阶梯阅读精通1000词汇/刘文英,肖平编著.-西安:西安交通大学出版社,2000.11 |
| 74页;20cm |
| ISBN 7-5605-1250-X:CNY 4.50 |
| ● |
| 相关链接 |
|
|
|
正题名:英语扩充词汇阶梯阅读精通1000词汇
索取号:H319.4/L6881
 
预约/预借
| 序号 | 登录号 | 条形码 | 馆藏地/架位号 | 状态 | 备注 |
| 1 | 382788 | 203827886 | 语言库209/209语言库 16排2列6层/ [索取号:H319.4/L6881] | 在馆 | |
| 2 | 382789 | 203827895 | 语言库209/209语言库 16排2列6层/ [索取号:H319.4/L6881] | 在馆 | |
| 3 | 382790 | 203827902 | 语言库209/209语言库 16排2列6层/ [索取号:H319.4/L6881] | 在馆 |